000
00208 a2200097 4500
020
_a
9780545750332
041
_a
spa
100
_a
Earhart, Kristen
245
_a
El autobus magico vuela al espacio
942
_c
BK
999
_c
31922
_d
31920